Gaming Quiz

Random Gaming or Video Games Quiz

List of Fortnite: Battle Royale Weapons and Items Quiz Stats

 Plays Quiz Updated Apr 2, 2020

Support Sporcle.
Go Orange.
Score 0/50 Timer 07:00
9 Plays Today
Hint Answer % Correct
Explosives/ThrownGrenade
75.8%
Guns/Melee WeaponsPump Shotgun
75.4%
Healing ItemsMedkit
72.6%
Building MaterialsWood
70.9%
Guns/Melee WeaponsTactical Shotgun
69.8%
Building MaterialsMetal
69.8%
Building MaterialsStone
69.6%
Healing ItemsSmall Shield Potion
67.7%
Healing ItemsShield Potion
67.7%
Levels of RarityRare
66.9%
Levels of RarityCommon
66.6%
Healing ItemsBandages
65.5%
Levels of RarityLegendary
65.4%
Levels of RarityEpic
64.7%
Guns/Melee WeaponsAssault Rifle
64.4%
Levels of RarityUncommon
64.2%
Guns/Melee WeaponsRocket Launcher
61.4%
TrapsLaunch Pad
58%
Guns/Melee WeaponsSubmachine Gun
54.9%
Levels of RarityMythic
53.4%
Guns/Melee WeaponsPistol
50.9%
Guns/Melee WeaponsHeavy Sniper Rifle
48.5%
Guns/Melee WeaponsSuppressed SMG
41.9%
Guns/Melee WeaponsBurst Assault Rifle
38.8%
Guns/Melee WeaponsMinigun
37.3%
Hint Answer % Correct
Healing ItemsApple
32.3%
Explosives/ThrownRemote Explosives
31.6%
Healing ItemsMushroom
30.6%
Guns/Melee WeaponsHeavy Assault Rifle
28.8%
Guns/Melee WeaponsDrum Gun
28.5%
Healing ItemsFlopper
28.3%
Healing ItemsSlurpfish
27.5%
Guns/Melee WeaponsPickaxe
26.4%
Guns/Melee WeaponsBoom Bow
26.2%
MobilitySkye's Grappler
24.9%
Healing ItemsBandage Bazooka
23.8%
Guns/Melee WeaponsSuppressed Sniper Rifle
21.3%
Healing ItemsSmall Fry
20.8%
Guns/Melee WeaponsSuppressed Assault Rifle
18.8%
TrapsCrash Pad
18.8%
UtilityDecoy
16.8%
Guns/Melee WeaponsRapid Fire SMG
14.5%
Explosives/ThrownProximity Mine
14.1%
UtilityFishing Rod
13%
UtilityHarpoon Gun
12.6%
CamouflageCreepin' Cardboard
12.1%
Guns/Melee WeaponsKingsman
11.1%
Explosives/ThrownRusty Can
9.7%
Explosives/ThrownMythic Goldfish
9.6%
Healing ItemsSlurpshroom
7.8%

You're not logged in!

Compare scores with friends on all Sporcle quizzes.
OR
Log In

From the Vault

Beat the Clocks

by citkeane

Time is not always on your side.
Remove Ads.
Support Sporcle.
Get the best of Sporcle when you Go Orange. This ad-free experience offers more features, more stats, and more fun while also helping to support Sporcle. Thank you for becoming a member.

Show Comments

Extras

Top Quizzes Today


Score Distribution

Your Account Isn't Verified!

In order to create a playlist on Sporcle, you need to verify the email address you used during registration. Go to your Sporcle Settings to finish the process.

Report this User

Report this user for behavior that violates our Community Guidelines.

Details: